000 00553cab a2200193 4500
001 ABS42286
008 090401t1990 xxu||||| |||| 00| 0 eng d
035 _a(Sirsi) u35982
041 _aeng
100 _aMunday, D.
245 _aGone with the wind
260 _c1990
350 _a0
490 _aBuilding Today
_v199(5847) 15 March 1990, 23-24(2)
520 _aDiscusses how roof detailing needs to be improved to enable them to withstand high winds .
690 _aBUILT ENVIRONMENT-CONSTRUCTION DESIGN
942 _n0
948 _c04/03/1997
999 _c23506
_d23506